| 000 -LEADER |
| fixed length control field |
01581cam a22003378i 4500 |
| 001 - CONTROL NUMBER |
| control field |
20928497 |
| 003 - CONTROL NUMBER IDENTIFIER |
| control field |
OSt |
| 005 - DATE AND TIME OF LATEST TRANSACTION |
| control field |
20250204110802.0 |
| 008 - FIXED-LENGTH DATA ELEMENTS--GENERAL INFORMATION |
| fixed length control field |
190412s2019 nju b 001 0 eng |
| 010 ## - LIBRARY OF CONGRESS CONTROL NUMBER |
| LC control number |
2019015124 |
| 020 ## - INTERNATIONAL STANDARD BOOK NUMBER |
| International Standard Book Number |
9781118387986 (hardback) |
| 040 ## - CATALOGING SOURCE |
| Original cataloging agency |
DLC |
| Language of cataloging |
eng |
| Description conventions |
rda |
| Transcribing agency |
DLC |
| 042 ## - AUTHENTICATION CODE |
| Authentication code |
pcc |
| 050 00 - LIBRARY OF CONGRESS CALL NUMBER |
| Classification number |
QA276.45.R3D457 2019 |
| 082 00 - DEWEY DECIMAL CLASSIFICATION NUMBER |
| Classification number |
519.5 |
| Edition number |
23 |
| 100 1# - MAIN ENTRY--PERSONAL NAME |
| Personal name |
Demidenko, Eugene, |
| Dates associated with a name |
1948- |
| Relator term |
author. |
| 245 10 - TITLE STATEMENT |
| Title |
Advanced statistics with applications in R / |
| Statement of responsibility, etc |
Eugene Demidenko (Dartmouth College). |
| 260 ## - PUBLICATION, DISTRIBUTION, ETC. (IMPRINT) |
| Place of publication, distribution, etc |
New Jersey |
| Name of publisher, distributor, etc |
Wiley |
| Date of publication, distribution, etc |
2019 |
| 263 ## - PROJECTED PUBLICATION DATE |
| Projected publication date |
1906 |
| 300 ## - PHYSICAL DESCRIPTION |
| Extent |
xvii, 856 pages |
| Dimensions |
23cm |
| 490 0# - SERIES STATEMENT |
| Series statement |
Wiley series in probability and statistics |
| 504 ## - BIBLIOGRAPHY, ETC. NOTE |
| Bibliography, etc |
Includes bibliographical references and index. |
| 505 0# - FORMATTED CONTENTS NOTE |
| Formatted contents note |
Discrete random variables -- Continuous random variables -- Multivariate random variables -- Important fistributions in statistics -- Preliminary data analysis and visualization -- Parameter estimation -- Hypothesis testing and confidence interval -- Linear model and its extensions -- Nonlinear regression -- Appendices. |
| 650 #0 - SUBJECT ADDED ENTRY--TOPICAL TERM |
| Topical term or geographic name as entry element |
Mathematical statistics |
| General subdivision |
Data processing |
| Form subdivision |
Problems, exercises, etc. |
| 650 #0 - SUBJECT ADDED ENTRY--TOPICAL TERM |
| Topical term or geographic name as entry element |
Statistics |
| General subdivision |
Data processing |
| Form subdivision |
Problems, exercises, etc. |
| 650 #0 - SUBJECT ADDED ENTRY--TOPICAL TERM |
| Topical term or geographic name as entry element |
R (Computer program language) |
| 776 08 - ADDITIONAL PHYSICAL FORM ENTRY |
| Display text |
Online version: |
| Main entry heading |
Demidenko, Eugene, 1948- author. |
| Title |
Advanced statistics with applications in R |
| Place, publisher, and date of publication |
Hoboken, NJ : Wiley, 2019 |
| International Standard Book Number |
9781118594131 |
| Record control number |
(DLC) 2019019543 |
| 906 ## - LOCAL DATA ELEMENT F, LDF (RLIN) |
| a |
7 |
| b |
cbc |
| c |
orignew |
| d |
1 |
| e |
ecip |
| f |
20 |
| g |
y-gencatlg |
| 942 ## - ADDED ENTRY ELEMENTS (KOHA) |
| Source of classification or shelving scheme |
|
| Koha item type |
Book |